| 000 | 00354nam a2200121Ia 4500 | ||
|---|---|---|---|
| 008 | 230524s9999 xx 000 0 und d | ||
| 100 | _a"Natalia Olifer, Victor Olifer" | ||
| 245 | 0 | _a"Computer Networks: Principles, Technologies and Protocols for Network Design" | |
| 260 | _bJ.Wiley | ||
| 500 | _aQuantity Number: 2 | ||
| 650 | _aComp-Sc | ||
| 942 | _cBK | ||
| 999 |
_c49805 _d49805 |
||